| 000 | 00358nam a22001577a 4500 | ||
|---|---|---|---|
| 003 | SGT | ||
| 020 | _a978-93-5270-1489 | ||
| 082 |
_a611 _bI18B |
||
| 100 | _aBHUIYAN, PRITHA S. | ||
| 245 | _aINDERBIR SINGH'S TB. OF HUMAN NEUROANATOMY | ||
| 250 | _a10TH | ||
| 260 |
_aINDIA _bJAYPEE _c2018 |
||
| 300 | _a273 | ||
| 650 | _aANATOMY | ||
| 942 |
_2ddc _cBK _031 |
||
| 999 |
_c15932 _d15932 |
||